La sessualità e la vita /

Guardat en:
Dades bibliogràfiques
Autor principal: Sforzini, Paolo
Format: Llibre
Idioma:italià
Publicat: Milano : De Vecchi, c1964
Col·lecció:Biblioteca tecnica De Vecchi
Matèries:
Etiquetes: Afegir etiqueta
Sense etiquetes, Sigues el primer a etiquetar aquest registre!

MARC

LEADER 00000nam a22000007i 4500
001 IT\ICCU\SBL\0281483
003 ItRI
005 20260115232332.0
008 910930s1964 it |||||| ||||| |||||c
015 |2 IT  |a 653459 
040 |b ita  |c importazione bologna sebina 
041 7 |a ita  |2 ISO-639-2 
082 |a 612.6  |9 SESSO, RIPRODUZIONE, ACCRESCIMENTO CORPOREO  |2 16 
100 1 |a Sforzini, Paolo  |0 IT\ICCU\LO1V\028356 
245 1 3 |a La sessualità e la vita /  |c Paolo Sforzini. 
260 |a Milano :  |b De Vecchi,  |c c1964 
300 |a 407 p. ;  |c 21 cm. 
650 7 |a Sesso 
830 0 |a Biblioteca tecnica De Vecchi  |0 IT\ICCU\SBL\0256355 
942 |2 ddc  |c BK  |n 0 
952 |0 0  |1 0  |4 0  |6 DOC_612_600000000000000_SFO  |7 0  |9 24375  |a BO  |b BO  |d 2026-01-15  |i 724  |l 0  |o DOC 612.6 SFO  |p BO724  |r 2026-01-15 23:23:32  |w 2026-01-15  |x [Sebina 7] [1 v.]  |y BK  |z 1 v. 
999 |c 20750  |d 20750